Prefix, Meet Stem! Quiz Stats

 Plays Quiz Updated Aug 4, 2018

Score 0/20 Timer 02:00
0 Plays Today
% Correct
ir
90.8%
bene
88.2%
tele
87.7%
il
87.1%
ab
85.8%
circum
85.2%
dis
80.4%
ob
80.2%
equi
79.1%
ex
78.7%
% Correct
un
78%
meta
77.4%
per
75%
ad
74.7%
im
74.6%
par
73.9%
auto
73.8%
ante
73.6%
vice
73.5%
fore
68.2%

You're not logged in!

Compare scores with friends on all Sporcle quizzes.
OR
Log In

Sporcle TV

Today on Sporcle TV


Watch our educational content, quiz creation guides, and fun videos on Sporcle TV.

Show Comments

Extras

Top Quizzes Today


Score Distribution

Your Account Isn't Verified!

In order to create a playlist on Sporcle, you need to verify the email address you used during registration. Go to your Sporcle Settings to finish the process.

Report this User

Report this user for behavior that violates our Community Guidelines.

Details: